Sports Quiz

Random Sports or Baseball Quiz

MLB - 1970's Oakland A's (Slideshow) Quiz Stats

Quiz not verified by Sporcle

Score 0/45 Timer 08:00
0 Plays Today
% Correct
Reggie Jackson
99.6%
Vida Blue
89.8%
Rickey Henderson
88.8%
Ray Fosse
83.5%
Tony LaRussa
83.5%
Don Baylor
80.4%
Gene Tenace
79.3%
Sal Bando
78.6%
Rollie Fingers
78.6%
Ken Holtzman
76.8%
Bert Campaneris
75.1%
Claudell Washington
69.5%
Johnny 'Blue Moon' Odom
69.1%
Billy North
67.7%
Joe Rudi
65.6%
Tony Armas
62.8%
Felipe Alou
60.4%
Mitchell Page
57.5%
Billy Williams
56.1%
Rick Monday
53%
Alvin Dark
52.3%
Phil Garner
49.5%
Dwayne Murphy
48.8%
% Correct
Orlando Cepeda
44.9%
Mike Epstein
43.2%
Jim 'Catfish' Hunter
42.5%
Dave Duncan
42.5%
Rick Langford
41.1%
Willie McCovey
38.6%
Mike Norris
37.5%
Dick Green
34.7%
Paul Lindblad
30.2%
Manny Sanguillen
29.5%
Dick Williams
29.5%
Mike Torrez
28.8%
Dick Allen
27.7%
Denny McLain
25.6%
Jack McKeon
25.3%
Matt Keough
23.9%
George Hendrick
17.2%
Don Mincher
15.1%
Jeff Newman
14%
Dock Ellis
12.3%
George 'Doc' Medich
9.8%
Jim Perry
8.8%

You're not logged in!

Compare scores with friends on all Sporcle quizzes.
Sign Up with Email
OR
Log In

You Might Also Like...

Show Comments

Extras

Top Quizzes Today


Score Distribution

Your Account Isn't Verified!

In order to create a playlist on Sporcle, you need to verify the email address you used during registration. Go to your Sporcle Settings to finish the process.